000 00477nam a22001817a 4500
003 CEME
005 20210628201747.0
008 210204b xxu||||| |||| 00| 0 eng d
020 _a1-58053-818-5
040 _c.
082 _a602.5 NAB
100 _aNabok, Alexei
_956700
245 _aOrganic and inorganic nanostructures
260 _aBOSTON
_bARTECH HOUSE
_c2005
300 _aXI,268P
650 _aNANOTECHNOLOGY, NANOSTRUCTURES, THIN FILMS
_956701
942 _cBK
_2ddc
999 _c567065
_d567065